Statistics for USA's Stater Quiz

Click here to take the quiz!

General Stats

  • This quiz has been taken 899 times
  • The average score is 27 of 50

Answers on the Map

Answers color-coded by a green-red scale on the quiz's map according to % correct below.
 

Answer Stats

Stat% Correct
Texas
94%
New York
89%
Florida
88%
Alaska
86%
Washington
84%
Californien
78%
Hawaii
77%
Alabama
70%
Ohio
68%
New Mexico
66%
Nevada
64%
Arizona
63%
North Carolina
63%
North Dakota
62%
Idaho
61%
South Carolina
61%
South Dakota
60%
Colorado
57%
Mississippi
56%
Utah
56%
Kansas
55%
Arkansas
54%
Georgia
52%
Montana
52%
Oregon
52%
Michigan
51%
Virginia
51%
Maine
49%
Nebraska
49%
Pennsylvania
48%
Kentucky
47%
Illinois
45%
Indiana
45%
New Jersey
45%
Tennessee
45%
West Virginia
45%
Iowa
42%
Oklahoma
42%
Louisiana
41%
Minnesota
41%
Wyoming
41%
Delaware
39%
Maryland
37%
Rhode Island
37%
Connecticut
35%
New Hampshire
35%
Wisconsin
35%
Massachusetts
34%
Missouri
34%
Vermont
33%

Score Distribution

Percentile by Number Answered

Percent of People with Each Score

Your Score History

You have not taken this quiz